States with the most Jewish people - Statistics

General Stats
  • This quiz has been taken 41 times
  • The average score is 9 of 10
Answer Stats
Hint Answer % Correct
2 California
100%
1 New York
100%
9 Texas
97%
3 Florida
95%
4 New Jersey
89%
7 Massachusetts
87%
5 Pennsylvania
87%
6 Illinois
84%
10 Ohio
82%
8 Maryland
79%
No matching quizzes found
Score Distribution
Percent of People with Each Score
Percentile by Number Answered
Your Score History
You have not taken this quiz